000
00233nam a2200097Ia 4500
082
_a
ST 822.33 JULI
245
0
_a
Julius Caesar
100
_a
GARDYNE, Hazel
_9
106877
942
_c
BK
008
210825s9999 xx 000 0 und d
999
_c
492142
_d
492141